Η νεοελληνική κοινωνία του εικοστού αιώνα μέσα από το μυθιστόρημα : μελετήματα
Αποθηκεύτηκε σε:
| Κύριος συγγραφέας: | |
|---|---|
| Μορφή: | Βιβλίο |
| Γλώσσα: | Greek |
| Δημοσίευση: |
Αθήνα :
Εκδόσεις των Φίλων,
1996
|
| Θέματα: | |
| Ετικέτες: |
Προσθήκη ετικέτας
Δεν υπάρχουν, Καταχωρήστε ετικέτα πρώτοι!
|
MARC
| LEADER | 00000nam a2200000 i 4500 | ||
|---|---|---|---|
| 001 | 1/68416 | ||
| 008 | 990201s1996 gre d | ||
| 020 | |a 960-289-024-X | ||
| 035 | |l 10047647 | ||
| 040 | |a GR-MY-UA |b gre |e aacr | ||
| 041 | 0 | |a gre | |
| 082 | 0 | |a 889.07 | |
| 100 | 1 | |a Μαγκλιβέρας, Διονύσης Κ. | |
| 245 | 1 | 2 | |a Η νεοελληνική κοινωνία του εικοστού αιώνα μέσα από το μυθιστόρημα : |b μελετήματα / |c Διονύση Κ. Μαγκλιβέρα |
| 260 | |a Αθήνα : |b Εκδόσεις των Φίλων, |c 1996 | ||
| 300 | |a 544 σ. | ||
| 650 | 0 | 0 | |a Greek literature, Modern |y 20th century |x History and criticism. |
| 852 | |a INST |b RHODES |e 19990201 |h 889.07 ΜΑΓ |p 005400005633 |q 005400005633 |t BK |y 0 | ||
| 901 | |a BIBL-1999-1 | ||
| 909 | |a Ρ |b 057124 |c 1998 | ||
| 922 | |a 4ΕΛΗ |b 199805 |c ΚΠΣ/ΔΕ |d EMVASIS | ||
| 970 | |z 2000/07/ΚΑΤΕΡΙΝΑ | ||